Statistics for Quentin Tarantino Movies Quiz

Click here to take the quiz!

General Stats

  • This quiz has been taken 42,516 times
    (22,495 since last reset)
  • The average score is 8 of 11

Answer Stats

YearMovie% Correct
1994Pulp Fiction
95%
2003Kill Bill: vol. 1
89%
2004Kill Bill: vol. 2
89%
2012Django Unchained
86%
2019Once Upon a Time in Hollywood
80%
1992Reservoir Dogs
80%
2009Inglourious Basterds
79%
2015The Hateful Eight
72%
1997Jackie Brown
57%
2007Death Proof
41%
1995Four Rooms
23%

Score Distribution

Percentile by Number Answered

Percent of People with Each Score

Your Score History

You have not taken this quiz since the last reset